000
00331nam a22001457a 4500
008
210511b ||||| |||| 00| 0 eng d
020
_a
9780070329331
041
_a
eng
080
_a
330.322
082
_a
330.322
100
_a
62
101
_a
INV
245
_a
Introduction to Technical Analysis
_c
Prings,M
942
_2
udc
_c
BK
999
_c
57192
_d
57192